| 000 | 00960nas a2200313 4500 | ||
|---|---|---|---|
| 001 | BR2011005646 | ||
| 003 | BR-BrBNA | ||
| 005 | 20231205115139.0 | ||
| 007 | ta | ||
| 008 | 230509b bl.|||p| |||| 00| 00por d | ||
| 040 |
_aBR-BrBNA _bpor _cBiblioteca Nacional de Agricultura |
||
| 041 | _a(Pt) | ||
| 072 | _aJ11 | ||
| 100 | 1 | _aFernandes, A.M. | |
| 100 | 1 | _aSoratto, R.P. | |
| 100 | 1 | _aEvangelista, R.M. | |
| 100 | 1 | _aSilva, B.L. | |
| 100 | 1 | _aSouza-Schlick, G.D. de | |
| 245 | 1 | _aProdutividade e esverdeamento pós-colheita de tubérculos de cultivares de batata produzidos na safra de inverno | |
| 650 | _aBATATA | ||
| 650 | _aTUBÉRCULO | ||
| 650 | _aPÓS-COLHEITA | ||
| 650 | _aQUALIDADE | ||
| 650 | _aARMAZENAMENTO | ||
| 650 | _aESVERDEAMENTO | ||
| 773 | 0 |
_tRevista Ciência Agronômica (Brazil) _xISSN 0045-6888 _g(Apr-Jun 2011), v. 42(2) p. 502-508 _wBR2011005646 |
|
| 909 |
_a202311 _bLúcia _c55 _dLúcia Elande |
||
| 942 |
_2AGRIS _n0 _cANA |
||
| 999 |
_c212313 _d212313 |
||